Red star over China /

Bibliographic Details
Main Author: Snow, Edgar, 1905-1972
Format: Book
Language:English
Published: New York : Modern library, [1944]
Subjects:

MARC

Tag First Indicator Second Indicator Subfields
LEADER 00000cam a2200000 4500
001 in00000347828
005 20151011070504.0
008 750813s1944 nyu 00000 eng
010 |a  45001028  
035 |a (OCoLC)01541335 
035 |9 ABN8241AM 
040 |c JPL  |d OCL  |d TXA  |d UtOrBLW 
049 |a TXAM  |c 1 [191937], 2 [412491] 
050 0 0 |a DS775  |b .S72 1944 
082 0 |a 951 
100 1 |a Snow, Edgar,  |d 1905-1972. 
245 1 0 |a Red star over China /  |c by Edgar Snow. 
264 1 |a New York :  |b Modern library,  |c [1944] 
300 |a xiii, 529 pages ;  |c 19 cm. 
336 |a text  |b txt  |2 rdacontent 
337 |a unmediated  |b n  |2 rdamedia 
338 |a volume  |b nc  |2 rdacarrier 
500 |a HaLf title: The Modern library of the world's best books. 
500 |a "Original text untouched, except for minor deletions and changes ... brought ... up to 1944 by the addition of a brief chapter of summary in an epilogue."--Pref. 
650 0 |a Communism  |z China. 
651 0 |a China  |x History  |y Republic, 1912-1949. 
999 |a MARS 
999 f f |s d5e60e07-94b3-32c4-a48b-726166b26524  |i 94da8cbe-4217-389c-b812-6ada92c6331c  |t 0 
952 f f |p normal  |a Texas A&M University  |b College Station  |c Sterling C. Evans Library  |s Evans stk  |d Evans: Library Stacks  |t 0  |e DS775 .S72 1944  |h Library of Congress classification  |i unmediated -- volume  |m A14802071606 
998 f f |a DS775 .S72 1944  |t 0  |l Evans: Library Stacks